<?xml version="1.0" encoding="UTF-8"?>
<record
    xmlns:xsi="http://www.w3.org/2001/XMLSchema-instance"
    xsi:schemaLocation="http://www.loc.gov/MARC21/slim http://www.loc.gov/standards/marcxml/schema/MARC21slim.xsd"
    xmlns="http://www.loc.gov/MARC21/slim">

  <leader>01495nam0a22003611  4500</leader>
  <controlfield tag="001">rc\2278687</controlfield>
  <controlfield tag="005">20250623043333.0</controlfield>
  <datafield tag="035" ind1=" " ind2=" ">
    <subfield code="a">(NLR Aleph) 006564447</subfield>
  </datafield>
  <datafield tag="090" ind1=" " ind2=" ">
    <subfield code="a">6878540</subfield>
    <subfield code="c">6878540</subfield>
  </datafield>
  <datafield tag="100" ind1=" " ind2=" ">
    <subfield code="a">20110829d1979    |||y0rusy50      ca</subfield>
  </datafield>
  <datafield tag="101" ind1="1" ind2=" ">
    <subfield code="a">rus</subfield>
    <subfield code="c">lit</subfield>
  </datafield>
  <datafield tag="102" ind1=" " ind2=" ">
    <subfield code="a">RU</subfield>
  </datafield>
  <datafield tag="105" ind1=" " ind2=" ">
    <subfield code="a">a   z   |||a|</subfield>
  </datafield>
  <datafield tag="200" ind1="1" ind2=" ">
    <subfield code="a">&#x41F;&#x443;&#x442;&#x44C;</subfield>
    <subfield code="e">&#x421;&#x442;&#x438;&#x445;&#x438;</subfield>
    <subfield code="e">&#x41F;&#x435;&#x440;. &#x441; &#x43B;&#x438;&#x442;&#x43E;&#x432;.</subfield>
    <subfield code="f">&#x410;&#x43B;&#x44C;&#x444;&#x43E;&#x43D;&#x441;&#x430;&#x441; &#x41C;&#x430;&#x43B;&#x434;&#x43E;&#x43D;&#x438;&#x441;</subfield>
    <subfield code="g">[&#x425;&#x443;&#x434;&#x43E;&#x436;. &#x415;. &#x41C;&#x443;&#x445;&#x430;&#x43D;&#x43E;&#x432;&#x430;]</subfield>
  </datafield>
  <datafield tag="210" ind1=" " ind2=" ">
    <subfield code="a">&#x41C;&#x43E;&#x441;&#x43A;&#x432;&#x430;</subfield>
    <subfield code="c">&#x421;&#x43E;&#x432;. &#x43F;&#x438;&#x441;&#x430;&#x442;&#x435;&#x43B;&#x44C;</subfield>
    <subfield code="d">1979</subfield>
  </datafield>
  <datafield tag="215" ind1=" " ind2=" ">
    <subfield code="a">206 &#x441;.</subfield>
    <subfield code="c">&#x438;&#x43B;.</subfield>
    <subfield code="d">17</subfield>
  </datafield>
  <datafield tag="300" ind1=" " ind2=" ">
    <subfield code="a">&#x412; &#x432;&#x44B;&#x43F;. &#x434;&#x430;&#x43D;. &#x430;&#x432;&#x442;.: &#x410;&#x43B;&#x44C;&#x444;&#x43E;&#x43D;&#x441;&#x430;&#x441; &#x41C;&#x43E;&#x442;&#x435;&#x435;&#x432;&#x438;&#x447; &#x41C;&#x430;&#x43B;&#x434;&#x43E;&#x43D;&#x438;&#x441;</subfield>
  </datafield>
  <datafield tag="327" ind1="0" ind2=" ">
    <subfield code="a">&#x426;&#x438;&#x43A;&#x43B;&#x44B;: &#x417;&#x43E;&#x432; &#x43F;&#x442;&#x438;&#x446;&#x44B;; &#x422;&#x438;&#x445;&#x438;&#x439; &#x434;&#x435;&#x43D;&#x44C;; &#x414;&#x43E;&#x43B;&#x433; &#x441;&#x435;&#x440;&#x434;&#x446;&#x430;; &#x41F;&#x440;&#x43E;&#x441;&#x442;&#x43E;&#x440;; &#x411;&#x435;&#x43B;&#x44B;&#x439; &#x43B;&#x438;&#x441;&#x442;; &#x423;&#x442;&#x440;&#x43E; - &#x432;&#x435;&#x447;&#x435;&#x440;</subfield>
  </datafield>
  <datafield tag="464" ind1=" " ind2="0">
    <subfield code="1">2001#$a&#x417;&#x43E;&#x432; &#x43F;&#x442;&#x438;&#x446;&#x44B;$a&#x422;&#x438;&#x445;&#x438;&#x439; &#x434;&#x435;&#x43D;&#x44C;$a&#x414;&#x43E;&#x43B;&#x433; &#x441;&#x435;&#x440;&#x434;&#x446;&#x430;$a&#x41F;&#x440;&#x43E;&#x441;&#x442;&#x43E;&#x440;$a&#x411;&#x435;&#x43B;&#x44B;&#x439; &#x43B;&#x438;&#x441;&#x442;$a&#x423;&#x442;&#x440;&#x43E; - &#x432;&#x435;&#x447;&#x435;&#x440;</subfield>
    <subfield code="t">&#x423;&#x442;&#x440;&#x43E; - &#x432;&#x435;&#x447;&#x435;&#x440;</subfield>
  </datafield>
  <datafield tag="686" ind1=" " ind2=" ">
    <subfield code="a">&#x428;5(2=&#x420;)75-657&#x44F;43</subfield>
    <subfield code="2">rubbk</subfield>
  </datafield>
  <datafield tag="686" ind1=" " ind2=" ">
    <subfield code="a">&#x421;(&#x41B;&#x438;&#x442;)2</subfield>
    <subfield code="2">rubbk</subfield>
  </datafield>
  <datafield tag="686" ind1=" " ind2=" ">
    <subfield code="a">84&#x41B;&#x438;7</subfield>
    <subfield code="2">rubbk</subfield>
  </datafield>
  <datafield tag="686" ind1=" " ind2=" ">
    <subfield code="a">&#x428;5(2=&#x41B;&#x438;)7-65&#x44F;44</subfield>
    <subfield code="2">rubbk</subfield>
  </datafield>
  <datafield tag="700" ind1=" " ind2="1">
    <subfield code="6">z01790</subfield>
    <subfield code="a">&#x41C;&#x430;&#x43B;&#x434;&#x43E;&#x43D;&#x438;&#x441;</subfield>
    <subfield code="b">&#x410;.</subfield>
    <subfield code="f">1929-</subfield>
    <subfield code="g">&#x410;&#x43B;&#x44C;&#x444;&#x43E;&#x43D;&#x441;&#x430;&#x441;</subfield>
  </datafield>
  <datafield tag="702" ind1=" " ind2="1">
    <subfield code="a">&#x41C;&#x443;&#x445;&#x430;&#x43D;&#x43E;&#x432;&#x430;</subfield>
    <subfield code="b">&#x415;.</subfield>
    <subfield code="4">440</subfield>
  </datafield>
  <datafield tag="790" ind1=" " ind2="1">
    <subfield code="6">z01700</subfield>
    <subfield code="a">&#x41C;&#x430;&#x43B;&#x434;&#x43E;&#x43D;&#x438;&#x441;</subfield>
    <subfield code="b">&#x410;.&#x41C;.</subfield>
    <subfield code="f">1929-</subfield>
    <subfield code="g">&#x410;&#x43B;&#x44C;&#x444;&#x43E;&#x43D;&#x441;&#x430;&#x441; &#x41C;&#x43E;&#x442;&#x435;&#x435;&#x432;&#x438;&#x447;</subfield>
  </datafield>
  <datafield tag="801" ind1=" " ind2="0">
    <subfield code="a">RU</subfield>
    <subfield code="b">NLR</subfield>
    <subfield code="g">psbo</subfield>
  </datafield>
  <datafield tag="801" ind1=" " ind2="1">
    <subfield code="a">RU</subfield>
    <subfield code="b">ELAR</subfield>
    <subfield code="2">rusmarc</subfield>
  </datafield>
  <datafield tag="852" ind1=" " ind2=" ">
    <subfield code="a">NLR</subfield>
    <subfield code="j">80-2/647</subfield>
  </datafield>
  <datafield tag="899" ind1=" " ind2=" ">
    <subfield code="a">RuMoRGB</subfield>
    <subfield code="j">&#x412; 79-14/273</subfield>
  </datafield>
  <datafield tag="899" ind1=" " ind2=" ">
    <subfield code="a">RuMoRGB</subfield>
    <subfield code="j">&#x412; 79-14/274</subfield>
  </datafield>
  <datafield tag="942" ind1=" " ind2=" ">
    <subfield code="c">BOOK</subfield>
  </datafield>
  <datafield tag="980" ind1=" " ind2=" ">
    <subfield code="a">NB</subfield>
  </datafield>
  <datafield tag="995" ind1=" " ind2=" ">
    <subfield code="5">2013-10-26</subfield>
    <subfield code="b">NLR01</subfield>
    <subfield code="c">NLR01</subfield>
    <subfield code="e">RF9</subfield>
    <subfield code="f">6564447-20</subfield>
    <subfield code="k">80-2/647</subfield>
    <subfield code="o">0</subfield>
    <subfield code="r">BOOK</subfield>
    <subfield code="s">802647_</subfield>
  </datafield>
</record>
